TOP 10 państw, w których żyje się najlepiej seniorom - Statystyki

Ogólne statystyki
  • Ten quiz został rozwiązany 29 razy
  • Średni wynik to 9 z 10
Statystyki odpowiedzi
numer odpowiedź % Poprawnych
8. Finlandia
100%
2. Norwegia
100%
4. Szwecja
100%
10. Japonia
96%
5. Niemcy
92%
1. Szwajcaria
88%
9. Austria
85%
7. Holandia
85%
6. Kanada
85%
3. Islandia
77%
Nie znaleziono quizów pasujących do podanych kryteriów
Rozkład punktacji
Procent ludzi z każdym wynikiem
Percentyl według liczby udzielonych odpowiedzi
Twoja historia wyników
Nie rozwiązałeś tego quizu